| 000 | 00904nam a2200181 a 4500 | ||
|---|---|---|---|
| 001 | 000055206 | ||
| 003 | AM-YeHGA | ||
| 005 | 20250617153110.0 | ||
| 008 | 990908s1978 ||||||||||||||||||||rus d | ||
| 040 | _aAM-YeHGA | ||
| 100 | 1 | _aУмаров, А. | |
| 245 | 1 | 0 |
_aАвтоматизированная информационно-поисковая система "Мелиоративная гидрогеология" и постоянно действующие модели / _cА.У. Умаров ; М-во геологии УзССР. Ин-т гидрогеологии и инженерной геологии. |
| 260 |
_aТашкент : _bФан, _c1978. |
||
| 300 | _a118 с. | ||
| 650 | 1 | 4 | _aОбщетехнические дисциплины |
| 710 | 2 | _aИнститут гидрогеологии и инженерной геологии АН Узбекской ССР | |
| 090 | _c386103 | ||
| 999 |
_c384138 _d384138 |
||